Visualizzazione normale
Vista MARC
- Leiber Jerry
di Personal Name
Records bibliografici associati: 1
001 - CONTROL NUMBER
- control field: 23210
003 - CONTROL NUMBER IDENTIFIER
- control field: IT-RoPau
005 - DATE AND TIME OF LATEST TRANSACTION
- control field: 20140430170525.0
008 - FIXED-LENGTH DATA ELEMENTS
- fixed length control field: 140430|| aca||aabn | a|a d
040 ## - CATALOGING SOURCE
- Original cataloging agency: IT-RoPau
- Transcribing agency: IT-RoPau
100 ## - HEADING--PERSONAL NAME
- Personal name: Leiber Jerry
- Dates associated with a name: Codice autore SPICS: 15585
- Relator term: Autore
- Name of part/section of a work: Stand By Me
670 ## - SOURCE DATA FOUND
- Source citation: Work cat.: (IT-RoPau)99588: AA.VV. 794, Hits On Tv Spot (Lp Fm 13592)